000 00971nam a22002535i 4500
001 153668
003 ES-MaACL
005 20230906205330.0
008 040901s1835 fr af |||| | fre d
040 _aCAM
_bspa
_cCAM
245 0 0 _aEntretiens sur la navigation /
_cpar L.M.C.***.
260 _aParis ;
_aStrasbourg :
_bchez F.G. Levrault,
_c1835.
300 _a140 p., [1] h. de lám. pleg. ;
_c14 cm.
490 1 _aMaitre Pierre ou Le savant de village
490 1 _aBibliothèque de l'instruction populaire ;
_v25
598 _aSegunda serie tomada de BN Opale-Plus.
650 0 4 _aNavegación.
_9136583
740 0 1 _aMaitre Pierre ou Le savant de village.
752 _aFrancia -
_cEstrasburgo
830 0 _aMaitre Pierre ou Le savant de village
_9187710
830 0 _aBibliothèque de l'instruction populaire ;
_v25
_9187711
852 _aES-MaACL
_jD-5205(4)
_z-- Enc. hol.
_x-- Edic.: en el lomo consta : Instruction populaire
999 _c153668
_d153668